Tennis - Joueuses ayant battu Jessica Pegula au moins 2 fois - Statistiques

Statistiques générales
  • Ce quiz a été pris 6 fois
  • Le résultat moyen est 16 sur 26
Statistiques - réponses
Nationalité Joueuses Nombre de victoires Année de la dernière victoire % Correct
Biélorussie Aryna Sabalenka 9 2025
100%
Suisse Belinda Bencic 4 2023
100%
Kazakhstan Elena Rybakina 6 2026
100%
Ukraine Elina Svitolina 3 2025
100%
Belgique Elise Mertens 4 2025
100%
Pologne Iga Swiatek 6 2023
100%
Grèce Maria Sakkari 5 2023
100%
Tunisie Ons Jabeur 4 2022
100%
Australie Ashleigh Barty 2 2022
80%
France Caroline Garcia 2 2022
80%
Etats-Unis Coco Gauff 3 2025
80%
Lettonie Jelena Ostapenko 2 2023
80%
Etats-Unis Madison Keys 2 2025
80%
Ukraine Marta Kostyuk 3 2026
80%
République Tchèque Petra Kvitova 4 2023
60%
Biélorussie Victoria Azarenka 3 2023
60%
Etats-Unis Sofia Kenin 2 2021
40%
Etats-Unis Taylor Townsend 2 2023
40%
République Tchèque Barbora Krejcikova 2 2024
20%
Russie Ekaterina Alexandrova 3 2025
20%
République Tchèque Linda Noskova 2 2025
20%
Russie Liudmila Samsonova 2 2025
20%
République Tchèque Marie Bouzkova 2 2023
20%
Croatie Petra Martic 4 2022
20%
Russie Veronika Kudermetova 2 2023
20%
Chine Wang Xinyu 2 2024
20%
Aucun quiz correspondant
Distribution des résultats
% des personnes avec chaque résultat
Percentile par nombre de réponses
Votre historique - résultats
Vous n’avez pas pris ce quiz